| 000 | 01610nam0a22002891 4500 | ||
|---|---|---|---|
| 001 | rc\4995252 | ||
| 005 | 20130430132856.1 | ||
| 035 | _a(NLR Aleph) 008973990 | ||
| 090 |
_a9142849 _c9142849 |
||
| 100 | _a20130430d1965 |||y0rusy50 ca | ||
| 101 | 0 | _arus | |
| 102 | _aRU | ||
| 105 | _aa g ||||| | ||
| 200 | 1 |
_aСправочник по заготовкам скота, птицы и кроликов _eСборник материалов по организации заготовок, приемке, содержанию, откорму, нагулу, доращиванию, транспортировке и реализации скота, птицы и кроликов, учету и отчетности в скотозаготовит. организациях _fПроектно-конструкторское бюро Упр. мясной и молочной пром-сти Совнархоза Латв. ССР |
|
| 210 |
_aРига _cЛатв. респ. ин-т науч.-техн. информации и пропаганды _d1965 |
||
| 215 |
_a312 с., 2 л. табл. _cчерт. _d22 |
||
| 300 | _aНа обороте тит. л. сост.: Алейников А.С., Горбачев, А.И., Дынник А.И. [и др.] | ||
| 320 | _aБиблиогр.: с. 309 | ||
| 333 | _aДля служебного пользования | ||
| 702 | 1 |
_aГорбачев _bА. И. _4220 |
|
| 702 | 1 |
_aАлейников _bА. С. _4220 |
|
| 702 | 1 |
_aДынник _bА. И. _4220 |
|
| 801 | 0 |
_aRU _bNLR _gpsbo |
|
| 801 | 1 |
_aRU _bELAR _2rusmarc |
|
| 852 |
_aNLR _j65-5/2437 |
||
| 942 | _cBOOK | ||
| 980 | _aNB | ||